[Event "Stay Safe Play From Home 232"]
[Site "Emanuel Lasker Arena"]
[Date "2020.06.17"]
[Round "1"]
[White "Lamborghini"]
[Black "Grizzzly"]
[Result "1-0"]
[WhiteElo "2265"]
[BlackElo "1789"]
[Annotator "TA"]
[PlyCount "101"]
[EventDate "2020.06.17"]
[EventType "swiss (blitz)"]

{[%evp 9,101,35,64,53,87,53,52,46,52,-12,0,-21,0,0,25,18,23,29,29,26,26,-17,-13,-77,56,51,51,56,70,47,118,70,62,63,93,75,110,95,123,101,132,114,199,183,171,178,225,221,225,200,222,215,305,289,302,302,330,322,371,359,395,292,321,263,512,502,506,478,498,492,489,480,470,397,432,389,571,563,516,394,426,114,78,98,88,0,0,0,1662,1325,6019,5114,4133,377]} 1. e4 c6 2. d3 d5 3. Nd2 dxe4 4. dxe4 Nd7 5. Ngf3 Ngf6 6. e5 {B10: Caro-Kann: 2 d3 and 2 c4.} Nd5 7. e6 fxe6 8. c4 {White is slightly better.} N5f6 {[#]} 9. Qe2 $146 (9. Nb3 $14) ({Predecessor:} 9. Nb3 e5 10. Ng5 Nb6 11. Qxd8+ {1-0 (11) Paulson,M-Lazo,J UECC email 1998}) 9... e5 $11 10. Nxe5 (10. Ng5 $5 {[%cal Rg5e6]} Qb6 11. a3 $11) 10... Nxe5 11. Qxe5 Qd6 (11... g6 {keeps more tension.} 12. Be2 Bg7 13. O-O O-O 14. Qg5 Bf5) 12. Nf3 Qxe5+ 13. Nxe5 e6 14. Bf4 Bb4+ 15. Kd1 (15. Bd2 $5 {[%cal Rd2b4]} Bd6 16. f4 $14) 15... O-O 16. f3 {[#]} (16. Bg3 $11) 16... Nd7 (16... Bd6 $1 $17 {And now ...Nh5 would win.} 17. c5 Bxc5) 17. Bg3 $14 Nxe5 18. Bxe5 Rd8+ 19. Kc2 Bd6 (19... Rd2+ $14 20. Kb3 Be7) 20. Re1 (20. Rd1 {feels hotter.} Be7 21. Bd3 a5 22. f4 Rd7 23. g3) 20... Bxe5 21. Rxe5 Kf7 22. Bd3 g6 23. Rhe1 Bd7 24. h4 Re8 25. h5 c5 (25... Rg8 $16 {was worth a try.} 26. Kc3 Rad8) 26. hxg6+ hxg6 27. Rxc5 Bc6 28. Rg5 Rg8 29. Rh1 Rg7 30. b4 a5 (30... Kf6 $142) 31. b5 ({Much less strong is} 31. Rxa5 $6 Rxa5 32. bxa5 g5 $18) 31... Bd7 32. a4 Rc8 33. Kd2 e5 34. Rxe5 Kf6 35. Rd5 Be6 36. Rd6 Rd7 $2 (36... Ke5 {might work better.}) 37. Rxd7 $18 Bxd7 {[%mdl 4096] Endgame KRB-KRB} 38. Ke3 Be6 39. Kd4 Rd8+ {[#]} 40. Kc3 $1 Rc8 41. Re1 b6 42. Re4 Rc5 (42... g5 $142 43. Re1 g4) 43. Rf4+ Ke7 44. Rd4 Rg5 45. Be4 $2 (45. g4 $18 {is more deadly.}) 45... Rxg2 $16 46. c5 bxc5 47. Rd2 (47. Rd1 $16 {Black must now prevent b6.} Ra2 48. b6 (48. Bxg6 Ra3+ 49. Kd2 Rxa4 $11) 48... Ra3+ 49. Kc2 Ra2+ 50. Kc3 Ra3+ 51. Kd2) 47... Rxd2 $11 48. Kxd2 c4 $2 {[%mdl 8192]} (48... g5 $11) 49. b6 {White is clearly winning.} c3+ 50. Kxc3 Kd6 51. b7 $2 {Accuracy: White = 62%, Black = 42%.} (51. Bxg6 Bd7 52. Be4) 1-0

[Event "Stay Safe Play From Home 232"]
[Site "Emanuel Lasker Arena"]
[Date "2020.06.17"]
[Round "1"]
[White "SoulofWolf"]
[Black "Shyamph1980"]
[Result "1-0"]
[WhiteElo "2192"]
[BlackElo "1485"]
[Annotator "NA RC"]
[PlyCount "65"]
[EventDate "2020.06.17"]
[EventType "swiss (blitz)"]

1. f4 {[%emt 0:00:01]} b6 {[%emt 0:00:02]} 2. d3 {[%emt 0:00:00]} Bb7 {[%emt 0:00:01]} 3. Nc3 {[%emt 0:00:00]} Nc6 {[%emt 0:00:01]} 4. e4 {[%emt 0:00:01]} g6 {[%emt 0:00:01]} 5. Nf3 {[%emt 0:00:00]} Bg7 {[%emt 0:00:01]} 6. Bd2 {[%emt 0:00:00]} Nf6 {[%emt 0:00:01]} 7. h3 {[%emt 0:00:01]} d6 {[%emt 0:00:01]} 8. Be2 {[%emt 0:00:01]} O-O {[%emt 0:00:01]} 9. O-O {[%emt 0:00:01]} Nd7 {[%emt 0:00:01]} 10. Qe1 {[%emt 0:00:01]} f5 {[%emt 0:00:02]} 11. a3 {[%emt 0:00:08]} Kh8 {[%emt 0:00:01]} 12. Rb1 {[%emt 0:00:01]} fxe4 {[%emt 0:00:01]} 13. Nxe4 {[%emt 0:00:02]} Nd4 {[%emt 0:00:02]} 14. Bd1 {[%emt 0:00:04]} Nxf3+ {[%emt 0:00:02]} 15. Bxf3 {[%emt 0:00:00]} Bh6 {[%emt 0:00:01]} 16. Ng5 {[%emt 0:00:04]} Bxg5 {[%emt 0:00:02]} 17. Bxb7 {[%emt 0:00:01]} Rb8 {[%emt 0:00:05]} 18. Bc6 {[%emt 0:00:01]} Bf6 {[%emt 0:00:01]} 19. c3 {[%emt 0:00:01]} Bg7 {[%emt 0:00:01]} 20. d4 {[%emt 0:00:01]} Nf6 {[%emt 0:00:02]} 21. Qe2 {[%emt 0:00:02]} Nh5 {[%emt 0:00:01]} 22. Rf3 {[%emt 0:00:02]} Bh6 {[%emt 0:00:01]} 23. Rbf1 {[%emt 0:00:03]} e5 {[%emt 0:00:01]} 24. dxe5 {[%emt 0:00:01]} dxe5 {[%emt 0:00:02]} 25. Rd3 {[%emt 0:00:01]} Qf6 {[%emt 0:00:02]} 26. fxe5 {[%emt 0:00:03]} Qxc6 {[%emt 0:00:01]} 27. Bxh6 {[%emt 0:00:02]} Rxf1+ {[%emt 0:00:02]} 28. Qxf1 {[%emt 0:00:00]} Qc5+ {[%emt 0:00:01]} 29. Kh1 {[%emt 0:00:02]} Qxe5 {[%emt 0:00:00]} 30. Kg1 {[%emt 0:00:03]} Re8 {[%emt 0:00:01]} 31. Rf3 {[%emt 0:00:02]} Ng3 {[%emt 0:00:03]} 32. Rf8+ {[%emt 0:00:01]} Rxf8 {[%emt 0:00:02]} 33. Qxf8# {[%emt 0:00:00] (Lag: Av=0.70s, max=1.6s)} 1-0

[Event "Stay Safe Play From Home 232"]
[Site "Emanuel Lasker Arena"]
[Date "2020.06.17"]
[Round "1"]
[White "Lazieri3"]
[Black "Position"]
[Result "1-0"]
[WhiteElo "2052"]
[BlackElo "1974"]
[Annotator "TA"]
[PlyCount "41"]
[EventDate "2020.06.17"]
[EventType "swiss (blitz)"]

{[%evp 9,41,-3,812,804,827,821,858,833,840,685,690,691,704,691,671,675,815,808,824,698,894,880,1370,799,1420,920,2241,2252,2098,1999,2582,2353,29991,29991]} 1. e4 c5 2. Nc3 d6 3. d3 a6 4. Nf3 Nc6 5. Bg5 {[#]} e5 $146 {[%mdl 8192] [#]} (5... h6 $11 6. Be3 e5) ({Predecessor:} 5... Qa5 6. Be2 e6 7. O-O Qc7 8. Qd2 Be7 9. Rad1 b5 10. Bxe7 Qxe7 11. a3 Nf6 {½-½ (33) Parra Ordorica,G-Torregrosa Gonzalez,I (1375) Llinars del Valles 2013}) 6. Bxd8 $18 {B50: Sicilian: 2...d6, Miscellaneous.} Kxd8 7. Nd5 Be6 8. c3 {White is clearly winning.} Nf6 9. Be2 Nxd5 10. exd5 Bxd5 11. O-O Kc7 12. Nd2 Re8 13. Bf3 Be6 14. d4 exd4 15. Bxc6 Kxc6 16. cxd4 cxd4 17. Nf3 Kb6 18. Qxd4+ Kc7 {[#]} 19. Qa7 $1 Bd5 20. Rac1+ Bc6 21. Nd4 1-0

[Event "Stay Safe Play From Home 232"]
[Site "Emanuel Lasker Arena"]
[Date "2020.06.17"]
[Round "1"]
[White "Fischer_11"]
[Black "Trotsky"]
[Result "1-0"]
[WhiteElo "2020"]
[BlackElo "1441"]
[Annotator "NA RC"]
[PlyCount "35"]
[EventDate "2020.06.17"]
[EventType "swiss (blitz)"]

1. e4 {[%emt 0:00:06]} c5 {[%emt 0:00:01]} 2. c3 {[%emt 0:00:00]} e6 {[%emt 0:00:00]} 3. d4 {[%emt 0:00:01]} d5 {[%emt 0:00:01]} 4. exd5 {[%emt 0:00:00]} exd5 {[%emt 0:00:01]} 5. Be3 {[%emt 0:00:01]} c4 {[%emt 0:00:01]} 6. b3 {[%emt 0:00:00]} Be6 {[%emt 0:00:01]} 7. bxc4 {[%emt 0:00:01]} Nc6 {[%emt 0:00:01]} 8. cxd5 {[%emt 0:00:01]} Bxd5 {[%emt 0:00:01]} 9. Nd2 {[%emt 0:00:00]} Bd6 {[%emt 0:00:01]} 10. Ngf3 {[%emt 0:00:01]} Qc7 {[%emt 0:00:01]} 11. c4 {[%emt 0:00:00]} Be4 {[%emt 0:00:02]} 12. Nxe4 {[%emt 0:00:01]} O-O-O {[%emt 0:00:01]} 13. Nxd6+ {[%emt 0:00:01]} Qxd6 {[%emt 0:00:01]} 14. Be2 {[%emt 0:00:04]} Nf6 {[%emt 0:00:01]} 15. O-O {[%emt 0:00:01]} Ng4 {[%emt 0:00:01]} 16. h3 {[%emt 0:00:03]} h5 {[%emt 0:00:01]} 17. c5 {[%emt 0:00:02]} Ne7 {[%emt 0:00:02]} 18. cxd6 {[%emt 0:00:01] Trotsky Ñäàåòñÿ (Lag: Av=0.24s, max=0.4s)} 1-0

[Event "Stay Safe Play From Home 232"]
[Site "Emanuel Lasker Arena"]
[Date "2020.06.17"]
[Round "1"]
[White "Haxhi Baha"]
[Black "Mepe_Nika"]
[Result "0-1"]
[WhiteElo "2014"]
[BlackElo "2349"]
[Annotator "TA"]
[PlyCount "62"]
[EventDate "2020.06.17"]
[EventType "swiss (blitz)"]

{[%evp 9,62,38,60,53,61,24,42,-4,0,-10,2,-53,-57,-63,17,0,141,139,171,146,161,72,127,134,155,164,506,514,525,501,449,483,463,375,381,387,381,269,255,256,264,3,16,1,21,0,137,88,92,-24,-22,-124,-111,-744,-737]} 1. e4 g6 2. d4 Bg7 3. Nc3 d6 4. Be3 c6 5. Be2 b5 6. a3 {B06: Modern Defence.} Nd7 {[%cal Bb8d7,Bd7b6,Bb6c4][%mdl 32]} 7. g4 {[#]} Nb6 $146 ({Predecessor:} 7... Bb7 8. h4 Nb6 9. b3 a6 10. Qd2 Qc7 11. Nh3 e6 12. O-O-O d5 13. f4 Bf8 {1-0 (31) Unal,O (1855)-Yapici,K (1822) Konya 2018}) 8. Qd2 {White is slightly better.} Nc4 9. Bxc4 $1 bxc4 10. g5 (10. f3 $11) 10... Rb8 11. Rb1 h5 ({Black should try} 11... h6 $15) 12. h4 e5 (12... e6 $11 {remains equal.}) 13. dxe5 $1 $16 dxe5 14. Qxd8+ Kxd8 15. f3 (15. Nf3 $18 {is more deadly.}) 15... Ne7 (15... Rb7 $142) 16. Bxa7 Rb7 17. Bc5 Kc7 $2 (17... Be6 {is tougher.} 18. Nge2 f6 19. gxf6 Bxf6) 18. Bxe7 $18 Be6 19. Bf6 Bxf6 20. gxf6 Rhb8 21. Na4 Ra7 22. Nc5 Bc8 23. a4 {Threatens to win with b4.} Ra5 {[#]} 24. b4 $1 Rxc5 25. c3 $2 (25. Nh3 $18 Ra5 26. Ng5) 25... Ra5 $1 $11 26. Ra1 $36 {[%mdl 2048] White has some pressure.} Raa8 27. Ne2 Be6 (27... c5 $1 $11 {keeps the balance.}) 28. Kd2 Rd8+ 29. Kc2 (29. Ke3 $16) 29... Rd3 30. Rhf1 {[#]} (30. Ng1 $1 $11 {was the only way to keep the balance.}) 30... Rad8 $1 $17 {[%mdl 1024] aiming for ...Rd2+. Black has strong compensation.} 31. f4 $2 {[%mdl 8192]} (31. Rad1 $17) 31... Rd2+ {[%mdl 64] Double Attack. Quite a comeback for Black. Accuracy: White = 38%, Black = 51%.} 0-1

[Event "Stay Safe Play From Home 232"]
[Site "Emanuel Lasker Arena"]
[Date "2020.06.17"]
[Round "1"]
[White "Tartak"]
[Black "Bardellosport"]
[Result "0-1"]
[WhiteElo "1762"]
[BlackElo "2040"]
[Annotator "TA"]
[PlyCount "88"]
[EventDate "2020.06.17"]
[EventType "swiss (blitz)"]

{[%evp 9,88,34,148,68,80,35,75,37,61,26,29,-371,-131,-110,-25,-31,-10,-13,0,0,0,0,0,-2,21,15,91,78,143,0,137,-64,37,22,58,0,0,0,0,0,0,0,0,0,0,0,0,0,84,0,33,0,0,-44,0,-15,0,0,0,0,0,0,0,0,0,-12832,0,0,0,0,0,0,0,0,0,0,0,0,0,0,0]} 1. e4 e6 2. d4 d5 3. exd5 exd5 4. Nf3 c6 5. Bd3 f5 (5... Bd6 $14) 6. Nc3 {C01: French: Exchange Variation.} (6. O-O $16) 6... Nf6 7. Bf4 {[#]} Ne4 $146 ({Predecessor:} 7... Bd6 8. Ne2 O-O 9. O-O Ne4 10. h4 Qc7 11. Qc1 Nd7 12. Bxd6 Qxd6 13. Qf4 Ndf6 14. Qxd6 Nxd6 {1-0 (50) Chudinovskikh,A (2149)-Vesely,J (1952) Brno 2019}) 8. O-O {White is better.} (8. Ne5 {is more complex.} Qf6 9. Qh5+ g6 10. Qh3 Be6 11. f3) 8... Bd6 9. Be5 O-O 10. b3 $2 {[%mdl 8192]} (10. Bxd6 $11 {and White stays safe.} Qxd6 11. Qc1) 10... Bxe5 $2 (10... Nxc3 $19 11. Qc1 Ne4 12. Bxd6 Qxd6) 11. Bxe4 $17 {[#]} fxe4 (11... Bxh2+ $1 $17 {[%mdl 512]} 12. Nxh2 fxe4) 12. Nxe5 $11 Qe7 13. Qd2 Nd7 14. f4 exf3 15. Nxf3 Nf6 16. Rae1 Qf7 17. Ne5 Qh5 (17... Qc7 $11) 18. Ne2 $16 Ng4 (18... a5 $142) 19. h3 (19. Rxf8+ $16 Kxf8 20. Nxg4 Qxg4 21. Rf1+ Kg8 22. Qb4) 19... Nxe5 (19... Rxf1+ $11 20. Rxf1 Nxe5) 20. dxe5 $2 {[#]} ({White has to play} 20. Rxf8+ $16 Kxf8 21. dxe5) 20... Be6 (20... Rxf1+ $15 21. Kxf1 Qxe5) 21. Nf4 Qe8 22. Nxe6 (22. c4 $14) 22... Qxe6 $11 23. Qd4 a6 24. c4 dxc4 25. bxc4 Rad8 26. Qb6 Rxf1+ 27. Rxf1 {[%mdl 4096] Endgame KQR-KQR} Re8 (27... Rd7 {feels hotter.} 28. Re1 g6 29. a4 Kg7 30. Qb4 Rf7) 28. Qxb7 h6 (28... Qxc4 $11 29. Re1 h6) 29. Qc7 ({White should try} 29. Qxa6 $16 {Threatens to win with Re1.} Qd7 30. Qb6) 29... Qxe5 (29... Qxc4 {is interesting.} 30. Re1 Qd4+ 31. Kh2 Qf4+ 32. Kg1 Qb4) 30. Qxe5 (30. Qxc6 {with more complications.} Re6 31. Qa8+ Kh7 32. Qd5 Qxd5 33. cxd5 Rd6 34. Rd1) 30... Rxe5 {KR-KR} 31. Rf4 Rc5 32. Rd4 g5 33. Kf2 Kf7 34. Kf3 Kf6 35. Ke4 Re5+ 36. Kd3 Re1 37. g4 $2 {[%mdl 8192]} (37. Rd6+ $11 Re6 38. Rd8) 37... Rd1+ $2 ({Better is} 37... Ke5 $19 {Hoping for ...Rd1+.} 38. Kd2 Kxd4 39. Kxe1 Kxc4) 38. Ke3 {The position is equal.} Ra1 39. Rd6+ Ke5 40. Rxc6 (40. Rxh6 {keeps more tension.} Rxa2 41. Rxc6 Ra3+ 42. Ke2 Rxh3 43. Rxa6 Kf4 44. Rg6) 40... Rxa2 41. Rxh6 Ra3+ 42. Kf2 Kf4 43. Rg6 Ra2+ 44. Ke1 Kg3 {[%mdl 32768] Accuracy: White = 58%, Black = 58%. . Sensor Board Error (Ke4/e5)?} 0-1

[Event "Stay Safe Play From Home 232"]
[Site "Emanuel Lasker Arena"]
[Date "2020.06.17"]
[Round "1"]
[White "Das opfer"]
[Black "Broken sword"]
[Result "0-1"]
[WhiteElo "1671"]
[BlackElo "2437"]
[Annotator "TA"]
[PlyCount "72"]
[EventDate "2020.06.17"]
[EventType "swiss (blitz)"]

{[%evp 15,72,27,72,41,30,-27,55,54,71,25,43,16,33,0,20,31,7,0,52,-168,-14,-660,-272,-273,-170,-722,-704,-961,-939,-1224,-1108,-1431,-1430,-2221,-1670,-2482,-1628,-29983,-29984,-29987,-1533,-1488,-1491,-1416,-1358,-1246,-1251,-1484,-1484,-1398,-1406,-2582,-2443,-3011,-2765,-29978,-29979,-29987,-29988]} 1. e4 c5 2. d4 e6 3. Nf3 cxd4 4. Nxd4 a6 5. Nc3 Qc7 6. Be3 d6 7. f3 Nf6 8. Qd2 Nbd7 9. O-O-O {B80: Sicilian Scheveningen: 6 g3 and 6 Be3, including English Attack.} b5 10. Kb1 (10. g4 $142) 10... Bb7 (10... b4 $1 $11 11. Nce2 d5) 11. g4 $14 {White is slightly better.} Nb6 12. h4 Nfd7 13. h5 Ne5 14. g5 {[#]} Nbc4 $146 ({Predecessor:} 14... b4 15. Nce2 Nbc4 16. Qc1 Rc8 17. g6 hxg6 18. Ng3 gxh5 19. Nxh5 Nxe3 20. Qxe3 Rh6 21. Nxg7+ Bxg7 22. Rxh6 Bxh6 23. Qxh6 Nxf3 {0-1 (31) Alvarez Diaz,V (2125)-Vidarte Morales,A (2375) El Sauzal 2004}) 15. Bxc4 Nxc4 16. Qe2 Rc8 (16... b4 $11 17. Na4 Bc8) 17. Rhg1 $2 {[#]} (17. Bc1 $14 {stays ahead.}) 17... Nxb2 $2 {Black converts the advantage convincingly.} (17... b4 $1 $19 {[%cal Rb4c3]} 18. Na4 e5) 18. g6 $2 {[%mdl 8192]} (18. Ncxb5 $11 Qc4 19. Kxb2 axb5 20. Qd3) 18... Nxd1 (18... Qxc3 $142 19. gxf7+ Kxf7) 19. gxf7+ Kxf7 20. Rxd1 $2 (20. Nxd1 e5 21. Nf5) 20... Qxc3 $19 21. f4 Bxe4 {Hoping for ...Rc4.} 22. h6 g6 23. f5 exf5 24. Bf2 Be7 25. Be1 Qc4 26. Qf2 Bf6 27. Rd2 Bxd4 (27... Rhe8 $142 28. Rd1 Bd5 29. c3 {[#]} Rxe1 $1 {[%mdl 512]} 30. Rxe1 Qxc3 31. Qe3 Be4+ 32. Qxe4 fxe4 33. Rd1 Bxd4 34. Rf1+ Kg8 35. Rf8+ Rxf8 36. a4 Qb2#) 28. Qxd4 Qxd4 29. Rxd4 Bxc2+ 30. Kb2 Rhd8 31. Bb4 d5 32. Ba5 Rd7 33. a4 Be4 34. axb5 axb5 35. Kb3 Rc4 36. Rd2 Ra7 {Accuracy: White = 19%, Black = 38%.} 0-1

[Event "Stay Safe Play From Home 232"]
[Site "Emanuel Lasker Arena"]
[Date "2020.06.17"]
[Round "1"]
[White "Mohitpuri"]
[Black "Little champs"]
[Result "0-1"]
[WhiteElo "1620"]
[BlackElo "2335"]
[Annotator "TA"]
[PlyCount "42"]
[EventDate "2020.06.17"]
[EventType "swiss (blitz)"]

{[%evp 9,42,-381,-378,-388,-376,-459,-469,-522,-519,-747,-717,-1177,-1173,-1180,-1169,-1164,-1091,-1202,-1180,-1212,-1166,-1206,-1121,-1287,-1241,-1384,-1382,-1468,-1446,-1622,-1622,-1955,-1899,-2124,-2097]} 1. e4 c6 2. Nf3 d5 3. Nc3 dxe4 4. Nh4 {[#]} e5 $146 ({Predecessor:} 4... Nf6 5. d3 exd3 6. cxd3 Bg4 7. Be2 Bxe2 8. Qxe2 e6 9. O-O Bd6 10. g3 O-O 11. Bg5 h6 12. Bxf6 Qxf6 {0-1 (42) Apostolopoulou,E-Vazoura,A (1267) Porto Rio 2015}) 5. d3 Qxh4 6. g3 {B11: Caro-Kann: Two Knights Variation.} Qd8 7. h3 exd3 {Black is clearly winning.} 8. cxd3 Nf6 9. b4 Bxb4 10. Rb1 Bxc3+ 11. Bd2 Bxd2+ 12. Qxd2 O-O 13. f3 Re8 14. Be2 Bf5 15. O-O Bg6 16. g4 Nbd7 17. Rxb7 Nb6 18. a3 Qc8 19. Rxf7 Bxf7 20. g5 Nfd5 21. d4 Qxh3 {White got outplayed after the opening} 0-1

[Event "Stay Safe Play From Home 232"]
[Site "Emanuel Lasker Arena"]
[Date "2020.06.17"]
[Round "2"]
[White "Little champs"]
[Black "Mepe_Nika"]
[Result "1/2-1/2"]
[WhiteElo "2335"]
[BlackElo "2353"]
[Annotator "TA"]
[PlyCount "156"]
[EventDate "2020.06.17"]
[EventType "swiss (blitz)"]

{[%evp 9,156,-5,2,0,0,0,0,0,0,-14,0,-13,-12,-16,1,3,2,1,3,4,42,40,71,62,65,58,61,62,262,55,256,61,179,81,87,61,56,0,1,-8,-22,-25,4,-25,0,-16,6,-56,-8,-143,-177,-833,-67,-78,-71,-68,-75,-71,-64,-85,-12,-68,-34,-34,-20,-20,-11,-11,-22,-109,0,-16,0,-265,-90,-84,-78,-210,-210,-800,-618,-801,-785,-966,-866,-29938,-5820,-4618,-2476,-29983,-1675,-29996,0,0,20,20,20,20,7286,6308,29962,8779,8779,7464,29986,29987,29987,29986,29986,29987,29987,29988,29988,29989,29991,29990,29992,29993,29993,29992,29992,29992,29992,29992,29994,29992,29992,29992,29993,29992,29993,29993,29995,29995,29995,29994,29994,29994,29994,29994,29994,29995,29995,29994,29995,29995,29995,29996,29996]} 1. d4 c5 2. e3 cxd4 3. exd4 d5 4. Nf3 Nc6 5. Be2 Bg4 6. O-O {B13: Caro-Kann: Exchange Variation and Panov-Botvinnik Attack.} e6 7. h3 Bh5 8. c3 {The position is equal.} Bd6 9. Nbd2 Nf6 10. Ne5 Bxe2 11. Qxe2 {[#]} Bxe5 $146 (11... Qc7 {is interesting.} 12. Ndf3 O-O 13. Nd3 Rae8 14. Nfe5 Ne4) ({Predecessor:} 11... O-O 12. f4 Qe7 13. Ndf3 Ne4 14. Nd2 f5 15. Nxe4 fxe4 16. Bd2 Rab8 17. Qg4 Rbe8 {1-0 (35) Munkh Erdene,O-Le,Q (1669) Ulaanbaatar 2016}) 12. dxe5 Nd7 13. f4 O-O 14. Nf3 f5 15. Be3 h6 16. Rad1 Qa5 17. b4 Qc7 18. c4 Ne7 $2 ({Don't go for} 18... Nxb4 $2 19. a3 $16) (18... Nb6 $1 $14) 19. a3 $2 (19. Nd4 $18) 19... a6 $2 (19... Nb6 $14) 20. Rd2 $2 (20. Nd4 $18 Rfc8 21. cxd5 (21. Nxe6 Qxc4 22. Qh5 Nf8 $18) 21... exd5 22. Qh5) 20... Rfd8 (20... Nb6 $1 $14) 21. Rfd1 (21. cxd5 $1 $18 {and White stays clearly on top.} Nxd5 22. Rxd5 $1 {[%mdl 512]} exd5 23. Rc1) 21... Nb6 22. Bxb6 Qxb6+ 23. Kh1 (23. c5 $14 Qc7 24. g4) 23... dxc4 $11 {Hoping for ...Rxd2.} 24. Qxc4 Rxd2 25. Rxd2 {Black must now prevent Rd6.} Nd5 (25... Rc8 $5 {[%cal Rc8c4]} 26. Qd4 Qxd4 27. Rxd4 Nd5 $11) 26. Rd4 Rd8 27. Qd3 Qb5 28. Qd1 (28. Qxb5 $11 axb5 29. Rd3) 28... Rc8 29. Nd2 (29. Nh4 $11) 29... Rc3 $17 30. Nb3 $2 (30. a4 Qc6 31. Kh2) 30... Qa4 $2 (30... Ne3 $19 31. Rd8+ Kh7) 31. Nc5 $1 $15 Qxd1+ 32. Rxd1 Nxf4 33. Nxb7 Rxa3 $17 {[%mdl 4096] Endgame KRN-KRN} 34. Nc5 Ra2 (34... Re3 $17 35. Rb1 Nd5 36. Nxa6 Rxe5) 35. g3 ({White should try} 35. Rd6 $11) 35... Ne2 36. Rd8+ Kh7 37. Nxe6 Nxg3+ 38. Kg1 Ne2+ 39. Kh1 (39. Kf1 $11 {was the only way to keep the balance.}) 39... Ng3+ (39... g5 $1 $17 40. Ra8 f4) 40. Kg1 $11 Kg6 41. Nf8+ $2 {[%mdl 8192]} (41. Nf4+ $11 {and White is okay.} Kg5 42. e6 Ne2+ {[%mdl 64] Double Attack} 43. Kh1 Nxf4 44. e7) 41... Kg5 $2 (41... Kh5 $19 {has better winning chances. And now ...f4 would win.} 42. e6 Re2) 42. e6 $17 Re2 43. Rd3 (43. Rd7 $17 {was the only chance.}) 43... f4 $19 44. h4+ $2 (44. Rf3) 44... Kf6 45. Rf3 g5 46. hxg5+ hxg5 47. Nd7+ Kxe6 48. Nc5+ Kf5 49. Nd3 Kg4 (49... Ke4 $142 50. Rxg3 fxg3 51. b5 Kf3 52. bxa6 Ra2 53. Ne5+ {[#]} Kf4 $1 {[%mdl 512]} 54. Nd3+ Kg4 55. Kf1 g2+ 56. Kg1 Kg3 57. Ne1 Ra1 $1 {[%mdl 512]} 58. a7 Rxe1#) 50. Nf2+ Rxf2 $2 (50... Kxf3 {mates} 51. Kh2 g4 52. b5 Rxf2+ 53. Kg1 Rg2#) 51. Rxf2 $11 {aiming for Ra2. KR-KN} Ne4 52. Ra2 Kf5 $1 53. Rxa6 {Threatens to win with b5.} g4 $2 {[%mdl 8192]} (53... Ke5 $11) 54. b5 $18 g3 55. b6 f3 56. b7 f2+ 57. Kg2 {White mates.} Nd2 58. Ra5+ Ke4 59. Ra1 f1=Q+ 60. Rxf1 Nxf1 61. Kxf1 {KP-KP} Kf3 62. Kg1 g2 63. b8=Q Kg4 64. Qb2 Kf5 65. Qxg2 Ke5 66. Qh3 Kf4 67. Qh4+ Ke5 68. Kg2 Ke6 69. Qg4+ Kf7 70. Kf3 Ke8 71. Kf4 Ke7 72. Qg5+ Kd6 73. Qf5 Kc7 74. Qe5+ Kc6 75. Kf5 Kb6 76. Kf6 Ka6 77. Qd5 Ka7 78. Qb5 Ka8 {[%mdl 32768] A wild game. Accuracy: White = 46%, Black = 50%. . An unexpected result.} 1/2-1/2